000 00434nam a2200181Ia 4500
001 14783
005 20260306164939.0
008 260306t2012||||xx |||||||||||||| ||spa||
041 _aESP
082 _a519.2
_bN55
100 _aNieves Hurtado, Antonio
_eAUT
245 0 _aProbabilidad y estadĂ­stica
260 _c2012
300 _axxii, 548 páginas :
_c27 cm.
650 _aGEN
654 _aCMA
942 _cLIB
_dJUS
_fJUS
_2ddc
_n
999 _c14783
_d14783